| 000 | 00915nam0a2200289 4500 | ||
|---|---|---|---|
| 001 | RU\NLR\bibl\1684516 | ||
| 005 | 20250616052414.0 | ||
| 010 |
_a978-5-91906-035-2 _92000 |
||
| 021 |
_aRU _b2010-67347 _94429 |
||
| 021 |
_aRU _b2010-67346 _94429 |
||
| 035 | _a(NLR Aleph) 001675697 | ||
| 090 |
_a1069542 _c1069542 |
||
| 100 | _a20101008d2010 |||y0rusy50 ca | ||
| 101 | 0 | _arus | |
| 102 | _aRU | ||
| 105 | _aa ||||||||| | ||
| 200 | 1 |
_aЦветы, вышитые гладью _e65 изысканных мотивов _f[отв. ред. Е. Зуевская] |
|
| 210 |
_aМосква _cКонтэнт _d2010 |
||
| 215 |
_a48 с. _cил., цв. ил. _d26 |
||
| 606 | 1 |
_aВышивание гладью _92157601 _3RU\NLR\auth\661298765 |
|
| 686 | _aМ482 | ||
| 702 | 1 |
_aЗуевская _bЕ. _4340 |
|
| 801 | 0 |
_aRU _bNLR _c20101008 _gRCR |
|
| 801 | 1 |
_aRU _bNLR _c20101008 |
|
| 942 | _cBOOK | ||
| 980 | _aNB | ||